EPIC: the Musical - My Goodbye - Statistics

General Stats
  • This quiz has been taken 158 times
  • The average score is 294 of 336
Answer Stats
Hint Answer % Correct
a
100%
at
100%
Odysseus: At
100%
Athena: You
100%
you
100%
you,
100%
be
98%
can
98%
your
98%
You're
98%
you're
98%
friend
97%
I
97%
of
97%
to
97%
me
95%
not
95%
where
95%
So
94%
so
94%
that
94%
warrior
94%
as
92%
attest
92%
best
92%
dead
92%
for
92%
friends
92%
is
92%
mine
92%
my
92%
the
92%
This
92%
this
92%
what
92%
What
92%
all
90%
But
90%
but
90%
goodbye
90%
goodbye!
90%
Odysseus: Hey!
90%
I'm
90%
That's
90%
we're
90%
you'll
90%
and
89%
have
89%
know
89%
reckless,
89%
sentimental
89%
teaching
89%
why
89%
alone?
87%
alone!
87%
just
87%
Ensemble: Just
87%
life
87%
man
87%
ment
87%
mentor
87%
now
87%
waste
87%
way,
87%
when
87%
wont
87%
won't
87%
day,
85%
done
85%
done,
85%
don't
85%
least
85%
Athena: One
85%
out
85%
aside
84%
emotions
84%
fighting
84%
lead
84%
looking
84%
Athena Put
84%
should
84%
spent
84%
time
84%
wrong
84%
gone
82%
known
82%
like
82%
rest
82%
Selfish
82%
soft,
82%
today,
82%
vain
82%
went
82%
You've
82%
after
81%
damn
81%
disappoint
81%
grown
81%
head
81%
I'll
81%
mind
81%
mistook
81%
prideful
81%
are
79%
failed
79%
get
79%
goddess
79%
saw
79%
saying
79%
test
79%
understand
79%
While
79%
Consider
77%
dies
77%
every
77%
line
77%
night?
77%
place
77%
sleep
77%
surprised
77%
warned
77%
What's
77%
Why's
77%
wiser
77%
with
77%
if
76%
left
76%
much
76%
someone
76%
title
76%
could
74%
deal
74%
effort
74%
general
74%
might
74%
Unlike
74%
wanted
74%
cross
73%
lend
73%
sight
73%
claim
71%
keep
71%
yours
71%
can't
69%
hear
69%
never
69%
remind
69%
Ensemble: Oh-oh-oh
66%
save
66%
Since
66%
door
65%
close
63%
own
63%
strain
63%
over
61%
cut
60%
plague
60%
sever
60%
it
58%
lost
50%
No matching quizzes found
Score Distribution
Percent of People with Each Score
Percentile by Number Answered
Your Score History
You have not taken this quiz